Statistics for Pyramid Puzzle #4

Click here to take the quiz!

General Stats

  • This quiz has been taken 923 times
  • The average score is 8 of 12

Answer Stats

HintAnswer% Correct
VehicleCAR
100%
Egyptian sun godRA
98%
4,840 square yardsACRE
96%
Bees collect itNECTAR
93%
Long-necked birdCRANE
90%
Act out a past eventREENACT
81%
Exit antonymENTRANCE
75%
Variety of peachNECTARINE
63%
Destroys by burningINCINERATES
37%
Thoughtless, insensitiveINCONSIDERATE
16%
A state of temporarinessTRANSIENCE
13%
Pack cargo into boxesCONTAINERISE
5%

Score Distribution

Percentile by Number Answered

Percent of People with Each Score

Your Score History

You have not taken this quiz